00419nam a2200157 a 4500008004100000020001500041050001600056100001800072245003300090250001200123260002700135300001800162350000900180500006000189650001200249120416s1992 ||||||||||||||||| || u a0582091012 aTH 1199 Ort aOrton, Andrew10aStructural design of masonry a2nd ed. aLondon:bLongmanc1992 ax, 159p.: ill a0.00 aIncludes bibliographical references (p. 157) and index. aMASONRY